000 00486nam a22001697a 4500
005 20250326160736.0
008 250326b |||||||| |||| 00| 0 eng d
020 _a9789394701809
041 _aEng.
082 _a382 JOH
100 _aJohns, R. A.
245 _aInternational Trade Theories And The Evolving International Economy
260 _aNew York
_bBloomsbury
_c2024
300 _a321;. P. 23 cm
650 _aCommercial Policy; International Economic Relations
942 _cBK
999 _c43417
_d43417